000 00648nam a2200217Ia 4500
003 OSt
005 20221005120820.0
006 a|||||r|||| 00| 0
007 ta
008 221004b |||||||| |||| 00| 0 eng d
024 _a32046
037 _cTextual
040 _aCRL
_cCRL
_beng
041 _2eng
_aeng
082 _a902jM931, K5-;2
100 _aDeshpande G T,etc. Ed.
_9629681
245 0 _aFelicitation volume
_bA collection of forty-two indological essays presented to Mahamahopadhyaya Dr V V Mirashi.
260 _c1965
942 _h902jM931, K5-;2
_cTEXL
_2cc
999 _c1039215
_d1039215